000 00946cam a2200277 a 4500
001 2845
005 20241128083737.0
020 _a9780545492225
040 _aDLC
_cDLC
_dDLC
_beng
050 0 0 _aPZ7.G61447
_b 2011
082 0 0 _a813.6
100 1 _aGoodrich, Carter
245 1 0 _aSay hello to Zorro! /
_cCarter Goodrich.
250 _aFirst Scholastic printing , September 2012
260 _aNew York :
_bScholastic ;
_c2011
300 _a39 unnumbered pages :
_bcolor illustrations ;
_c21 cm .
490 _a Mister Bud and Zorro (1)
505 _aH
520 _aMister Bud, the family dog, has a satisfying routine to his life, but when another dog joins the family and disrupts his schedule, Mister Bud must learn to adapt.
521 1 _a450
_bLexile
521 1 _aH
_bRaz-Plus
650 1 _aDogs
_vFiction.
650 1 _aChange
_vFiction.
906 _a7
_bcbc
_corignew
_d1
_eecip
_f20
_gy-gencatlg
942 _2ddc
_cBK
_n0
999 _c2845
_d2845